00469 a2200145 4500020001500000082001000015100002100025245005100046250006900097260005500166300003400221500002000255650002200275700002600297 a013841305300a512.51 aKolman, Bernard,10aIntroductory linear algebra with applications. a6th ed. /bBernard Kolman, with the assistance of David R. Hill. aUpper Saddle River, N.J. :bPrentice Hall,cc1997. axvii, 608, 70, 8 p. ;c24 cm. aIncludes index. 0aAlgebras, Linear.1 aHill, David R.d1943-